[Event "Evry op"]
[Site "Evry"]
[Date "2007.11.01"]
[Round "2"]
[White "Jarreton, Herve"]
[Black "Basset, Come"]
[Result "1-0"]
[WhiteElo "2045"]
[BlackElo "1550"]
[PlyCount "43"]
[EventDate "2007.10.31"]
[EventType "swiss"]
[EventRounds "9"]
[EventCountry "FRA"]
[SourceTitle "EXT 2009"]
[Source "ChessBase"]
[SourceDate "2008.11.26"]
[SourceVersion "1"]
[SourceVersionDate "2008.11.26"]
[SourceQuality "1"]

1. e4 c5 2. Nf3 Nc6 3. d4 cxd4 4. Nxd4 Nf6 5. Nc3 d6 6. Bb5 Bd7 7. Bxc6 bxc6 8. 0-0 g6 9. f4 Bg7 10. e5 dxe5 11. fxe5 Ng4 12. e6 fxe6 13. Qxg4 e5 14. Ne6 Qb6+ 15. Kh1 Bf6 16. Ne4 c5 17. Rxf6 exf6 18. Nxf6+ Ke7 19. Nd5+ Ke8 20. Nxb6 axb6 21. Bg5 Rg8 22. Nc7+ 1-0